[Event "Titled Tuesday intern op 28th Feb Early"]
[Site "Chess.com INT"]
[Date "2023.02.28"]
[Round "5"]
[White "Eswaran, Ashritha"]
[Black "Kilic, Eray"]
[Result "0-1"]
[WhiteElo "2278"]
[BlackElo "2415"]
[PlyCount "126"]
[EventDate "2023.02.28"]
[EventType "swiss (blitz)"]
[EventRounds "11"]
[EventCountry "USA"]
[SourceTitle "CBM 213 Extra"]
[Source "ChessBase"]
[SourceDate "2023.05.31"]
[SourceVersion "1"]
[SourceVersionDate "2023.05.31"]
[SourceQuality "1"]

1. e4 c5 2. Nf3 d6 3. d4 cxd4 4. Nxd4 Nf6 5. Nc3 a6 6. Be3 e5 7. Nf3 Qc7 8. a4 Be7 9. a5 0-0 10. Be2 Bd8 11. 0-0 Nc6 12. Bg5 Be6 13. Bxf6 Bxf6 14. Nd5 Bxd5 15. Qxd5 Rac8 16. c3 Rfd8 17. Rfd1 Ne7 18. Qd3 d5 19. exd5 Nxd5 20. Qe4 Nf4 21. Bf1 g6 22. g3 Ne6 23. Rxd8+ Rxd8 24. Re1 Nc5 25. Qc4 Rc8 26. Bh3 Nd7 27. Qxc7 Rxc7 28. Bxd7 Rxd7 29. Nxe5 Rd5 30. Nc4 Rc5 31. Re4 Kg7 32. Kg2 Bd8 33. b4 Rc6 34. Kf3 Bf6 35. Ke3 Bxc3 36. Nb6 Bf6 37. Nd5 Bg5+ 38. f4 Bd8 39. Kd3 Rd6 40. Kc4 Rc6+ 41. Kd3 Rc1 42. Re8 Bf6 43. Rb8 Rd1+ 44. Ke4 Rd4+ 45. Ke3 Rxd5 46. Rxb7 Bc3 47. Rb6 Rb5 48. Rxb5 axb5 49. a6 Bxb4 50. Kd4 Be1 51. Kc5 b4 52. Kc4 Bf2 53. Kxb4 Kf6 54. Kb5 Kf5 55. Kc6 Kg4 56. Kd6 f5 57. Ke7 Kh3 58. Kf6 Kxh2 59. Kg7 Kxg3 60. Kxh7 Kxf4 61. Kxg6 Ba7 62. Kh5 Kg3 63. Kg5 f4 0-1

[Event "Titled Tuesday intern op 28th Feb Early"]
[Site "Chess.com INT"]
[Date "2023.02.28"]
[Round "4"]
[White "Srihari, LR."]
[Black "Eswaran, Ashritha"]
[Result "0-1"]
[WhiteElo "2432"]
[BlackElo "2278"]
[PlyCount "112"]
[EventDate "2023.02.28"]
[EventType "swiss (blitz)"]
[EventRounds "11"]
[EventCountry "USA"]
[SourceTitle "CBM 213 Extra"]
[Source "ChessBase"]
[SourceDate "2023.05.31"]
[SourceVersion "1"]
[SourceVersionDate "2023.05.31"]
[SourceQuality "1"]

1. Nf3 d5 2. e3 c6 3. b3 Bf5 4. Bb2 Nf6 5. h3 h6 6. Bd3 Bxd3 7. cxd3 e6 8. 0-0 Nbd7 9. d4 Bd6 10. Ne5 0-0 11. f4 Ne4 12. d3 Ng3 13. Rf3 Nf5 14. e4 Bxe5 15. dxe5 dxe4 16. dxe4 Nxe5 17. Rf1 Qb6+ 18. Kh1 Ng3+ 19. Kh2 Nxf1+ 20. Qxf1 Ng6 21. Nd2 Rad8 22. Nc4 Qc7 23. e5 b5 24. Nd6 f6 25. Qc1 Rxd6 26. exd6 Qxd6 27. g3 h5 28. Qc2 h4 29. Qxg6 Qd2+ 30. Kh1 Qxb2 31. Rg1 hxg3 32. Rxg3 Rf7 33. Rg2 Qc1+ 34. Rg1 Qxf4 35. Qc2 Qf3+ 36. Kh2 Qf4+ 37. Kh1 Qf3+ 38. Kh2 Rd7 39. Rg2 Rd3 40. Qc5 Qxh3+ 41. Kg1 Qe3+ 42. Qxe3 Rxe3 43. Rc2 Re1+ 44. Kf2 Ra1 45. Rxc6 Rxa2+ 46. Ke3 Rb2 47. Rxe6 Rxb3+ 48. Kf4 Kf7 49. Ra6 g5+ 50. Kf5 Rf3+ 51. Kg4 Rf4+ 52. Kg3 Ra4 53. Rc6 Kg6 54. Rc7 b4 55. Rb7 Ra3+ 56. Kg4 f5# 0-1

[Event "Titled Tuesday intern op 28th Feb Early"]
[Site "Chess.com INT"]
[Date "2023.02.28"]
[Round "3"]
[White "Wagh, Suyog"]
[Black "Eswaran, Ashritha"]
[Result "0-1"]
[WhiteElo "2313"]
[BlackElo "2278"]
[PlyCount "104"]
[EventDate "2023.02.28"]
[EventType "swiss (blitz)"]
[EventRounds "11"]
[EventCountry "USA"]
[SourceTitle "CBM 213 Extra"]
[Source "ChessBase"]
[SourceDate "2023.05.31"]
[SourceVersion "1"]
[SourceVersionDate "2023.05.31"]
[SourceQuality "1"]

1. e4 c5 2. Nf3 Nc6 3. Bb5 g6 4. Bxc6 dxc6 5. d3 Bg7 6. h3 Nf6 7. 0-0 0-0 8. Nbd2 Ne8 9. a4 a5 10. Nc4 Nc7 11. Rb1 Ne6 12. b3 b5 13. Ne3 Nd4 14. Ng4 h5 15. Ngh2 Qc7 16. Ba3 b4 17. Bb2 Ba6 18. Nxd4 Bxd4 19. Kh1 Bxb2 20. Rxb2 Qe5 21. Rb1 Qf4 22. Qe2 Kg7 23. g3 Qd6 24. f4 f6 25. Rbe1 Rad8 26. e5 Qd5+ 27. Nf3 Bc8 28. Kh2 f5 29. Rd1 Be6 30. Qe3 Rd7 31. Rg1 Rfd8 32. Rd2 Bg8 33. g4 hxg4 34. hxg4 Be6 35. gxf5 Bxf5 36. Nh4 Rh8 37. Kg3 Kf7 38. Nxf5 gxf5 39. Rdg2 Qd4 40. e6+ Kf6 41. Kf2 Qxe3+ 42. Kxe3 Rh3+ 43. Kd2 Kxe6 44. Rg6+ Kd5 45. Re1 Rh2+ 46. Kd1 Rd6 47. Rg3 Kd4 48. Rxe7 Kc3 49. d4+ Kb2 50. Rd3 Rg6 51. dxc5 Rxc2 52. Re1 Rgg2 0-1

[Event "USA-ch (Women)"]
[Site "Saint Louis"]
[Date "2022.10.19"]
[Round "13"]
[White "Morris Suzuki, Sophie"]
[Black "Eswaran, Ashritha"]
[Result "1-0"]
[WhiteElo "2126"]
[BlackElo "2365"]
[PlyCount "97"]
[EventDate "2022.10.05"]
[EventType "tourn"]
[EventRounds "13"]
[EventCountry "USA"]
[EventCategory "2"]
[SourceTitle "CBM 210 Extra"]
[Source "ChessBase"]
[SourceDate "2022.11.30"]
[SourceVersion "1"]
[SourceVersionDate "2022.11.30"]
[SourceQuality "1"]

1. d4 Nf6 2. c4 e6 3. Nc3 Bb4 4. f3 c5 5. d5 b5 6. e4 d6 7. Nge2 bxc4 8. Nf4 e5 9. Nfe2 Nbd7 10. a3 Ba5 11. Ng3 0-0 12. Bxc4 Bxc3+ 13. bxc3 Qa5 14. Bd2 Ba6 15. Qe2 Bxc4 16. Qxc4 Nb6 17. Qe2 Qa4 18. 0-0 Nc4 19. Bg5 Nd7 20. Be7 Rfe8 21. Nf5 g6 22. Nxd6 Nxd6 23. Bxd6 Qb3 24. Rab1 Qxc3 25. Qb5 Nb6 26. Qxc5 Qd3 27. Rfd1 Qe2 28. Re1 Qd3 29. Rbd1 Qb3 30. Bc7 Qa4 31. Rc1 Rac8 32. Qc6 Qxa3 33. d6 Red8 34. Qb7 Rd7 35. Qc6 Qa4 36. Qxa4 Nxa4 37. Rc6 Nb6 38. Ra1 Na8 39. Rxa7 Nxc7 40. Rcxc7 Rdxc7 41. dxc7 Kf8 42. f4 exf4 43. Kf2 Ke7 44. Kf3 Kd7 45. Kxf4 f6 46. g4 h6 47. h4 Rf8 48. c8Q+ Kxc8 49. Ra8+ 1-0

[Event "USA-ch (Women)"]
[Site "Saint Louis"]
[Date "2022.10.17"]
[Round "11"]
[White "Cervantes Landeiro, Thalia"]
[Black "Eswaran, Ashritha"]
[Result "1-0"]
[WhiteElo "2272"]
[BlackElo "2365"]
[PlyCount "85"]
[EventDate "2022.10.05"]
[EventType "tourn"]
[EventRounds "13"]
[EventCountry "USA"]
[EventCategory "2"]
[SourceTitle "CBM 210 Extra"]
[Source "ChessBase"]
[SourceDate "2022.11.30"]
[SourceVersion "1"]
[SourceVersionDate "2022.11.30"]
[SourceQuality "1"]

1. Nf3 d5 2. e3 Nf6 3. b3 Bf5 4. Bb2 e6 5. Be2 h6 6. 0-0 Bd6 7. Ne5 0-0 8. f4 Nbd7 9. d3 Bh7 10. Nd2 Bc5 11. d4 Be7 12. Bd3 c5 13. Qf3 Qa5 14. Rad1 Bxd3 15. Nxd3 Rac8 16. dxc5 Bxc5 17. Nxc5 Rxc5 18. c4 b5 19. a3 Rc6 20. b4 Qa4 21. cxd5 exd5 22. e4 Qc2 23. exd5 Rd6 24. Bxf6 Nxf6 25. Nb3 Re8 26. Nd4 Qc4 27. Nf5 Rxd5 28. Ne3 Rxe3 29. Qxe3 a6 30. Rxd5 Qxd5 31. h3 Ne4 32. f5 Nf6 33. Qf3 Qd4+ 34. Kh2 Ne4 35. Qf4 Qd5 36. Rc1 Nd6 37. Rc5 Qd3 38. f6 g5 39. Qe5 g4 40. hxg4 Qe4 41. Qxd6 Kh7 42. Rc8 Qxg4 43. Qd3+ 1-0

[Event "Hollywood Classic 3rd"]
[Site "Los Angeles"]
[Date "2022.08.04"]
[Round "3"]
[White "Fernandez, Daniel"]
[Black "Eswaran, Ashritha"]
[Result "1-0"]
[WhiteElo "2445"]
[BlackElo "2387"]
[PlyCount "81"]
[EventDate "2022.08.03"]
[EventType "swiss"]
[EventRounds "9"]
[EventCountry "USA"]
[SourceTitle "CBM 209 Extra"]
[Source "ChessBase"]
[SourceDate "2022.09.30"]
[SourceVersion "1"]
[SourceVersionDate "2022.09.30"]
[SourceQuality "1"]

1. e4 c6 2. d4 d5 3. exd5 cxd5 4. Bd3 Nc6 5. c3 Nf6 6. Bf4 Bg4 7. Qb3 e5 8. dxe5 Nh5 9. Be3 Nxe5 10. Bb5+ Nc6 11. h3 Bc8 12. Nf3 Nf6 13. Ne5 Qc7 14. Qa4 Qxe5 15. Bxc6+ Bd7 16. Bxd7+ Nxd7 17. Nd2 Bc5 18. 0-0 Bxe3 19. Rae1 Qd6 20. Rxe3+ Kf8 21. Rd1 h6 22. Nc4 Qc6 23. Qb4+ Kg8 24. Na5 Qb6 25. Rxd5 Qxb4 26. cxb4 Nb6 27. Rd2 Kf8 28. Rc3 h5 29. Nxb7 Rh6 30. Rc7 Rf6 31. Nc5 Rf4 32. Nd7+ Kg8 33. Nxb6 axb6 34. a3 Re8 35. g3 Rf6 36. h4 Re1+ 37. Kg2 g6 38. Rdc2 Rb1 39. R7c6 Rf5 40. Rxb6 g5 41. Rc5 1-0

[Event "Hollywood Classic 3rd"]
[Site "Los Angeles"]
[Date "2022.08.03"]
[Round "1"]
[White "Shivakumar, Shawnak"]
[Black "Eswaran, Ashritha"]
[Result "0-1"]
[WhiteElo "2140"]
[BlackElo "2387"]
[PlyCount "84"]
[EventDate "2022.08.03"]
[EventType "swiss"]
[EventRounds "9"]
[EventCountry "USA"]
[SourceTitle "CBM 209 Extra"]
[Source "ChessBase"]
[SourceDate "2022.09.30"]
[SourceVersion "1"]
[SourceVersionDate "2022.09.30"]
[SourceQuality "1"]

1. c4 e5 2. Nc3 Nf6 3. Nf3 Nc6 4. e3 Bb4 5. Qc2 Bxc3 6. bxc3 e4 7. Ng5 Qe7 8. f3 exf3 9. Nxf3 0-0 10. Be2 b6 11. 0-0 Bb7 12. d3 Ng4 13. e4 f5 14. exf5 Rae8 15. Bd1 Ne3 16. Bxe3 Qxe3+ 17. Kh1 Rxf5 18. d4 Rff8 19. h3 Na5 20. Re1 Qf4 21. Rxe8 Rxe8 22. Be2 Qe3 23. Bf1 Bxf3 24. gxf3 Re6 25. f4 Re4 26. Bg2 Rxf4 27. c5 g6 28. cxb6 axb6 29. Rg1 Kg7 30. Qa4 Nc6 31. Qc4 Rf5 32. a4 Kh6 33. Kh2 Qf4+ 34. Kh1 Ne7 35. Re1 Qh4 36. Re2 c6 37. Qb4 Nd5 38. Qd6 Nf4 39. Re5 Qf2 40. Be4 Qf1+ 41. Kh2 Qxh3+ 42. Kg1 Ne2# 0-1

[Event "Titled Tuesday intern op 26th Jul Late"]
[Site "Chess.com INT"]
[Date "2022.07.26"]
[Round "4"]
[White "Wieczorek, Zbigniew"]
[Black "Eswaran, Ashritha"]
[Result "0-1"]
[WhiteElo "2155"]
[BlackElo "2394"]
[PlyCount "38"]
[EventDate "2022.07.26"]
[EventType "swiss (blitz)"]
[EventRounds "11"]
[EventCountry "USA"]
[SourceTitle "EXT 2023"]
[Source "ChessBase"]
[SourceDate "2022.10.05"]
[SourceVersion "1"]
[SourceVersionDate "2022.10.05"]
[SourceQuality "1"]

1. Nf3 d5 2. g3 Nc6 3. d4 Bf5 4. c3 e6 5. b4 Be7 6. Qa4 Qd7 7. b5 Nb8 8. Ne5 Qd8 9. b6+ c6 10. bxa7 Nd7 11. Bf4 Qb6 12. Nxd7 Kxd7 13. Nd2 Qb2 14. Rd1 Qxc3 15. e4 Bxe4 16. Rg1 Bc2 17. Rc1 Qxd2+ 18. Kxd2 Bxa4 19. Bb8 Bd6 0-1

[Event "Saint Louis 1000 GM 1st"]
[Site "Saint Louis"]
[Date "2022.07.19"]
[Round "2"]
[White "Abrahamyan, Tatev"]
[Black "Eswaran, Ashritha"]
[Result "1-0"]
[WhiteElo "2291"]
[BlackElo "2394"]
[PlyCount "71"]
[EventDate "2022.07.19"]
[EventType "tourn"]
[EventRounds "9"]
[EventCountry "USA"]
[EventCategory "6"]
[SourceTitle "CBM 209 Extra"]
[Source "ChessBase"]
[SourceDate "2022.09.30"]
[SourceVersion "1"]
[SourceVersionDate "2022.09.30"]
[SourceQuality "1"]

1. e4 c6 2. Nf3 d5 3. d3 dxe4 4. dxe4 Qxd1+ 5. Kxd1 Nf6 6. Nbd2 Nbd7 7. Ne1 g5 8. Nd3 Rg8 9. a4 e5 10. f3 Bd6 11. Nc4 Bc7 12. Bd2 b5 13. Na5 Nb8 14. axb5 cxb5 15. Nc5 Kf8 16. Bxb5 Nbd7 17. Nd3 Nb6 18. Bc6 Rb8 19. Bc3 Be6 20. Nxe5 h5 21. Nd3 Nfd7 22. Nb3 Nc8 23. Nd4 Ke7 24. Ba4 Ra8 25. Nxe6 fxe6 26. Ke2 Nf6 27. Bb3 Bb6 28. Bb4+ Kf7 29. Ne5+ Kg7 30. Bc3 Re8 31. Rhd1 Kh6 32. Bd2 Nh7 33. h4 Re7 34. hxg5+ Nxg5 35. Rh1 Bc7 36. Rxh5+ 1-0

[Event "PNWCC-Bulgaria Hybrid 06"]
[Site "Chess.com INT"]
[Date "2022.06.19"]
[Round "?"]
[White "Drenchev, Petar"]
[Black "Eswaran, Ashritha"]
[Result "1/2-1/2"]
[WhiteElo "2377"]
[BlackElo "2308"]
[PlyCount "56"]
[EventDate "2022.06.18"]
[EventType "team-match"]
[EventRounds "4"]
[EventCountry "USA"]
[SourceTitle "EXT 2024"]
[Source "ChessBase"]
[SourceDate "2023.10.10"]
[SourceVersion "1"]
[SourceVersionDate "2023.10.10"]
[SourceQuality "1"]
[WhiteTeam "Bulgaria"]
[BlackTeam "PNWCC"]
[WhiteTeamCountry "BUL"]
[BlackTeamCountry "USA"]

1. d4 Nf6 2. c4 e6 3. Nc3 Bb4 4. Qc2 0-0 5. a3 Bxc3+ 6. Qxc3 b6 7. Bg5 Bb7 8. e3 d5 9. cxd5 Bxd5 10. Rc1 Nbd7 11. Nf3 c5 12. Bc4 cxd4 13. Qxd4 Bxc4 14. Rxc4 Rc8 15. Rxc8 Qxc8 16. 0-0 h6 17. Bh4 Qc2 18. h3 Rc8 19. Rd1 Nd5 20. Bg3 Rc4 21. Qd2 N7f6 22. Qxc2 Rxc2 23. Rb1 Ne4 24. Nd4 Rd2 25. Nf3 Re2 26. Nd4 Rd2 27. Nf3 Rc2 28. Nd4 Rd2 1/2-1/2

[Event "Las Vegas National op"]
[Site "Las Vegas"]
[Date "2022.06.10"]
[Round "5"]
[White "Eswaran, Ashritha"]
[Black "Andersen, Gunnar James"]
[Result "1/2-1/2"]
[WhiteElo "2308"]
[BlackElo "2238"]
[PlyCount "51"]
[EventDate "2022.06.08"]
[EventType "swiss"]
[EventRounds "9"]
[EventCountry "USA"]
[SourceTitle "CBM 208 Extra"]
[Source "ChessBase"]
[SourceDate "2022.07.31"]
[SourceVersion "1"]
[SourceVersionDate "2022.07.31"]
[SourceQuality "1"]

1. Nf3 Nf6 2. c4 g6 3. b3 Bg7 4. Bb2 c6 5. g3 0-0 6. Bg2 d5 7. 0-0 Bg4 8. d4 Nbd7 9. Nbd2 a5 10. h3 Bxf3 11. Bxf3 a4 12. e4 dxe4 13. Bg2 Qc7 14. Re1 Rfd8 15. Rb1 axb3 16. axb3 e5 17. Qc2 Ra2 18. Ra1 Rxa1 19. Bxa1 exd4 20. Bxd4 Qd6 21. Bc3 Nc5 22. Nxe4 Nfxe4 23. Bxe4 Nxe4 24. Rxe4 Qd1+ 25. Qxd1 Rxd1+ 26. Re1 1/2-1/2

[Event "PNWCC-Bulgaria Memorial Day"]
[Site "Chess.com INT"]
[Date "2022.05.29"]
[Round "?"]
[White "Eswaran, Ashritha"]
[Black "Antonov, Vladimir"]
[Result "1-0"]
[WhiteElo "2308"]
[BlackElo "2338"]
[PlyCount "73"]
[EventDate "2022.05.28"]
[EventType "team-match"]
[EventRounds "6"]
[EventCountry "USA"]
[SourceTitle "EXT 2024"]
[Source "ChessBase"]
[SourceDate "2023.10.10"]
[SourceVersion "1"]
[SourceVersionDate "2023.10.10"]
[SourceQuality "1"]
[WhiteTeam "PNWCC"]
[BlackTeam "Bulgaria"]
[WhiteTeamCountry "USA"]
[BlackTeamCountry "BUL"]

1. Nf3 Nf6 2. c4 g6 3. b3 Bg7 4. Bb2 d6 5. d4 Nbd7 6. g3 0-0 7. Bg2 c6 8. 0-0 Qc7 9. Nc3 Re8 10. Rc1 e5 11. e3 Nf8 12. h3 Bd7 13. d5 c5 14. e4 a6 15. a4 Rab8 16. Qe2 b5 17. cxb5 axb5 18. axb5 Qb7 19. Qe3 Bxb5 20. Nxb5 Qxb5 21. Nd2 N8d7 22. Rb1 Bf8 23. Bc3 Rec8 24. Rfc1 Nb6 25. Bf1 Qe8 26. Ba5 Nfd7 27. Bb5 Qe7 28. Bc6 f5 29. b4 f4 30. Qe2 fxg3 31. fxg3 cxb4 32. Rxb4 Na8 33. Rcb1 Rxb4 34. Bxb4 Nb8 35. Qg4 Nb6 36. Ba5 N6d7 37. Rb7 1-0

[Event "Speed Chess (Women) Q2 KO"]
[Site "Chess.com INT"]
[Date "2022.05.27"]
[Round "1.1"]
[White "Eswaran, Ashritha"]
[Black "Pham, Bich Ngoc"]
[Result "0-1"]
[WhiteElo "2308"]
[BlackElo "2240"]
[PlyCount "122"]
[EventDate "2022.05.27"]
[EventType "k.o. (blitz)"]
[EventRounds "3"]
[EventCountry "USA"]
[SourceTitle "CBM 208 Extra"]
[Source "ChessBase"]
[SourceDate "2022.07.31"]
[SourceVersion "1"]
[SourceVersionDate "2022.07.31"]
[SourceQuality "1"]

1. e4 c5 2. Nf3 Nc6 3. d4 cxd4 4. Nxd4 g6 5. c4 Bg7 6. Be3 Nf6 7. Nc3 d6 8. Be2 Bd7 9. 0-0 0-0 10. h3 Nxd4 11. Bxd4 Bc6 12. Qc2 a5 13. Rad1 Nd7 14. Bxg7 Kxg7 15. f4 Qb6+ 16. Kh1 Rac8 17. Bf3 Qb4 18. Qd3 Qxb2 19. Qd4+ f6 20. Rb1 Qa3 21. Nd5 Bxd5 22. cxd5 Rc7 23. Qb2 Qxb2 24. Rxb2 Nc5 25. Rfb1 Rb8 26. Rb5 a4 27. Kg1 Nd3 28. g3 Kf7 29. Be2 Nc1 30. Bd1 Nxa2 31. R5b2 Nc3 32. Ra1 Nxd1 33. Rxd1 b5 34. Rdb1 a3 35. Ra2 Rc3 36. Kf2 b4 37. Kg2 Re3 38. Kf2 Rxe4 39. Rxa3 bxa3 40. Rxb8 Ra4 41. Rb1 a2 42. Ra1 Ra3 43. h4 f5 44. Ke2 Rxg3 45. Kf2 Ra3 46. Ke2 Kf6 47. Kd2 h6 48. Kc2 Rh3 49. Kb2 Rh2+ 50. Kb3 Rxh4 51. Kxa2 Rxf4 52. Re1 Re4 53. Rh1 h5 54. Kb3 h4 55. Kc3 Ke5 56. Rg1 Kf6 57. Rh1 g5 58. Kd3 Ke5 59. Rg1 g4 60. Rh1 h3 61. Rf1 h2 0-1

[Event "Speed Chess (Women) Q2 KO"]
[Site "Chess.com INT"]
[Date "2022.05.27"]
[Round "1.7"]
[White "Eswaran, Ashritha"]
[Black "Pham, Bich Ngoc"]
[Result "0-1"]
[WhiteElo "2308"]
[BlackElo "2240"]
[PlyCount "88"]
[EventDate "2022.05.27"]
[EventType "k.o. (blitz)"]
[EventRounds "3"]
[EventCountry "USA"]
[SourceTitle "CBM 208 Extra"]
[Source "ChessBase"]
[SourceDate "2022.07.31"]
[SourceVersion "1"]
[SourceVersionDate "2022.07.31"]
[SourceQuality "1"]

1. e4 g6 2. d4 Bg7 3. Nc3 d6 4. Be3 Nc6 5. h3 e5 6. d5 Nce7 7. Bd3 f5 8. exf5 Bxf5 9. Nge2 Nf6 10. Ng3 Bxd3 11. Qxd3 0-0 12. 0-0-0 a6 13. Nge4 Qd7 14. Nxf6+ Bxf6 15. Ne4 Bg7 16. g4 b5 17. Rhg1 b4 18. Kb1 a5 19. h4 a4 20. h5 b3 21. cxb3 axb3 22. a3 Rf3 23. Ng5 Rff8 24. hxg6 Nxg6 25. Nxh7 Kxh7 26. Rh1+ Kg8 27. Qxg6 Rf6 28. Qh7+ Kf7 29. Qh5+ Kf8 30. Bg5 Rf3 31. Rh3 Rxh3 32. Qxh3 Qf7 33. Rd3 Qg6 34. Ka1 Qxg5 35. Rf3+ Kg8 36. Qf1 Rb8 37. Rc3 Qxg4 38. Rxc7 e4 39. Rc6 Qg5 40. Qb1 Qxd5 41. Rc7 Ra8 42. Qg1 Rxa3+ 43. Kb1 Qd3+ 44. Kc1 Ra1# 0-1

[Event "Speed Chess (Women) Q2"]
[Site "Chess.com INT"]
[Date "2022.05.26"]
[Round "1"]
[White "Bodnaruk, Anastasia"]
[Black "Eswaran, Ashritha"]
[Result "0-1"]
[WhiteElo "2396"]
[BlackElo "2308"]
[PlyCount "76"]
[EventDate "2022.05.26"]
[EventType "swiss (blitz)"]
[EventRounds "14"]
[EventCountry "USA"]
[SourceTitle "CBM 208 Extra"]
[Source "ChessBase"]
[SourceDate "2022.07.31"]
[SourceVersion "1"]
[SourceVersionDate "2022.07.31"]
[SourceQuality "1"]

1. e4 c6 2. d4 d5 3. e5 Bf5 4. Nf3 e6 5. Be2 c5 6. 0-0 Nc6 7. c3 h5 8. a3 Be7 9. Be3 c4 10. Nbd2 g5 11. b3 g4 12. Ne1 b5 13. a4 a6 14. f3 Nh6 15. bxc4 bxc4 16. Bxh6 Rxh6 17. fxg4 hxg4 18. Bxg4 Bg6 19. Nef3 Qa5 20. Qc1 Rb8 21. Nxc4 dxc4 22. Qxh6 Bf8 23. Qh8 Qxc3 24. Rac1 Qe3+ 25. Kh1 Bd3 26. Rfe1 Qh6 27. Qxh6 Bxh6 28. d5 Bxc1 29. dxc6 Bf4 30. Nd4 c3 31. Be2 Bxe2 32. Nxe2 Bxe5 33. Nc1 Bf4 34. Nd3 c2 35. g3 Rb1 36. c7 Rxe1+ 37. Nxe1 c1Q 38. c8Q+ Qxc8 0-1